Statistics for Meryl Streep Oscar Nominations

Click here to take the quiz!

General Stats

  • This quiz has been taken 4,355 times
    (3,087 since last reset)
  • The average score is 9 of 21

Answer Stats

Year Nomination Description Answer % Correct
2006ActressFashion editor terrorizes her assistantThe Devil Wears Prada
88%
2011ActressBiopic about the life of Margaret ThatcherThe Iron Lady
85%
1979Supporting ActressCouple go through a divorce and custody battleKramer vs. Kramer
78%
1985ActressDanish woman has a romance with an
African big game hunter
Out of Africa
68%
2009ActressWoman attempts to cook recipes in a French cookbookJulie & Julia
68%
1982ActressConcentration camp survivor is haunted by a impossible
decision she was forced to make
Sophie's Choice
66%
2017ActressPlucky journalists publish the Pentagon PapersThe Post
61%
2014Supporting ActressFairy tale witch curses a couple with childlessnessInto the Woods
49%
1978Supporting ActressRussian-Americans go off to fight in VietnamThe Deer Hunter
48%
1995ActressMarried woman is seduced
by a National Geographic photographer
The Bridges
of Madison County
43%
2008ActressNun exposes a priest's inappropriate behaviorDoubt
42%
2013ActressFamily reunites in Oklahoma when the father disappearsAugust: Osage County
37%
2016ActressOpera singer is bad at singingFlorence Foster Jenkins
35%
1983ActressWhistleblower tells reporters about unsafe
labor practices at a nuclear plant
Silkwood
32%
2002Supporting ActressScreenwriter tries to write a screenplay based on a bookAdaptation
28%
1990ActressDrug addict is forced to live with her momPostcards from the Edge
22%
1988ActressBaby is eaten by a dingo, or is it?Evil Angels
22%
1981ActressIn Victorian times, a woman has a romance
with a paleontologist
The French
Lieutenant's Woman
22%
1999ActressWoman fights for music education in New York CityMusic from the Heart
19%
1987ActressWoman meets up with her lover, a bum
and former baseball player
Ironweed
14%
1998ActressWoman reconnects with her mother who is dying of cancerOne True Thing
12%

Score Distribution

Percentile by Number Answered

Percent of People with Each Score

Your Score History

You have not taken this quiz since the last reset